Прикладной анализ данных: лабораторный практикум

Bibliografiske detaljer
Hovedforfatter: Иванченков В. П. Виктор Павлович
Institution som forfatter: Национальный исследовательский Томский политехнический университет (ТПУ)
Andre forfattere: Вылегжанин О. Н. Олег Николаевич, Степанов Д. Ю. Дмитрий Юрьевич
Summary:В лабораторном практикуме представлены материалы для цикла лабораторных работ, выполняемых на персональных ЭВМ при изучении курса «Компьютерный анализ данных». Предназначен для приобретения практических навыков решения задач прикладной статистики и анализа случайных процессов у студентов, обучающихся по направлению 010400 «Прикладная математика и информатика».
Sprog:russisk
Udgivet: Томск, Изд-во ТПУ, 2012
Fag:
Format: MixedMaterials Bog
KOHA link:https://koha.lib.tpu.ru/cgi-bin/koha/opac-detail.pl?biblionumber=221597

MARC

LEADER 00000nam0a2200000 4500
001 221597
005 20260422090140.0
035 |a (RuTPU)RU\TPU\book\241771 
090 |a 221597 
100 |a 20120912d2012 m y0rusy50 ca 
101 0 |a rus 
102 |a RU 
105 |a a j 001zy 
200 1 |a Прикладной анализ данных  |e лабораторный практикум  |f В. П. Иванченков, О. Н. Вылегжанин, Д. Ю. Степанов  |g Национальный исследовательский Томский политехнический университет (ТПУ) 
210 |a Томск  |c Изд-во ТПУ  |d 2012 
215 |a 91 с.  |c ил. 
320 |a Библиогр.: с. 78. 
330 |a В лабораторном практикуме представлены материалы для цикла лабораторных работ, выполняемых на персональных ЭВМ при изучении курса «Компьютерный анализ данных». Предназначен для приобретения практических навыков решения задач прикладной статистики и анализа случайных процессов у студентов, обучающихся по направлению 010400 «Прикладная математика и информатика». 
606 1 |a Данные  |x Анализ  |2 stltpush  |3 (RuTPU)RU\TPU\subj\70551  |9 84779 
606 1 |a Случайные процессы  |x Статистические методы изучения  |2 stltpush  |3 (RuTPU)RU\TPU\subj\65936  |9 82259 
610 1 |a стационарные случайные процессы 
610 1 |a реализация 
610 1 |a цифровое моделирование 
610 1 |a случайные данные 
610 1 |a формирование 
610 1 |a статистическая характеристика 
610 1 |a стационарность 
610 1 |a проверка 
610 1 |a сигналы 
610 1 |a энергетический спектральный анализ 
610 1 |a спектральная плотность 
610 1 |a эквивалентность 
610 1 |a полиномиальные тренды 
610 1 |a цифровая фильтрация 
610 1 |a точечные наблюдения 
610 1 |a регрессия 
610 1 |a восстановление 
610 1 |a лабораторные работы 
610 1 |a практикумы 
610 1 |a учебные пособия 
610 1 |a труды учёных ТПУ 
675 |a 004.6(076.5)  |v 4 
675 |a 519.246(076.5)  |v 3 
700 1 |a Иванченков  |b В. П.  |c специалист в области информатики и вычислительной техники, геофизик  |c доцент Томского политехнического университета, кандидат технических наук  |f 1939-  |g Виктор Павлович  |3 (RuTPU)RU\TPU\pers\25396  |9 11339 
701 1 |a Вылегжанин  |b О. Н.  |c специалист в области информатики и вычислительной техники  |c доцент Томского политехнического университета, кандидат химических наук  |f 1943-  |g Олег Николаевич  |3 (RuTPU)RU\TPU\pers\25385  |9 11328 
701 1 |a Степанов  |b Д. Ю.  |c специалист в области информатики и вычислительной техники  |c доцент Томского политехнического университета, кандидат технических наук  |f 1971-  |g Дмитрий Юрьевич  |3 (RuTPU)RU\TPU\pers\25950  |9 11800 
712 0 2 |a Национальный исследовательский Томский политехнический университет (ТПУ)  |c (2009- )  |3 (RuTPU)RU\TPU\col\15902 
801 1 |a RU  |b 63413507  |c 20120912 
801 2 |a RU  |b 63413507  |c 20160225  |g RCR 
942 |c BK